| 000 | 00641nam a2200181Ia 4500 | ||
|---|---|---|---|
| 005 | 20251020182546.0 | ||
| 008 | 200515s9999 xx 000 0 und d | ||
| 082 | _a747:728.86/L70 | ||
| 100 | _aLIP, Evelyn | ||
| 245 | 0 | _aQue es el Feng Shui : Arquitectura, urbanismo, interiorismo | |
| 260 | _aBarcelona | ||
| 260 | _c1999 | ||
| 300 | _a63 | ||
| 520 | _aOfrece un análisis inteligente y riguroso de esta antiquísima disciplina, pero lo hace de un modo absolutamente accesible para todo tipo de lectores, diseñadores, arquitectos, ingenieros, pequeñas y grandes compañías | ||
| 650 | _aFENG SHUI | ||
| 650 | _aLIB | ||
| 942 | _cLIB | ||
| 999 |
_c2570 _d2570 |
||